Muerte y vida de las grandes ciudades / (Record no. 83597)

MARC details
000 -LEADER
campo de control de longitud fija 00500nam a2200181 i 4500
001 - NÚMERO DE CONTROL
campo de control 83597
003 - IDENTIFICADOR DE NÚMERO DE CONTROL
campo de control ES-MaACL
005 - FECHA Y HORA DE LA ÚLTIMA TRANSACCIÓN
campo de control 20250901034334.0
007 - CAMPO FIJO DE DESCRIPCIÓN FÍSICA--INFORMACIÓN GENERAL
campo de control de longitud fija t|
008 - DATOS DE LONGITUD FIJA--INFORMACIÓN GENERAL
campo de control de longitud fija 041117s1967 sp ||||1| spa d
100 1# - ENTRADA PRINCIPAL--NOMBRE DE PERSONA
Nombre de persona Jacobs, Jane.
9 (RLIN) 65847
245 10 - MENCIÓN DEL TÍTULO
Título Muerte y vida de las grandes ciudades /
Mención de responsabilidad, etc. Jane Jacobs ; [traducción de Angel Abad].
250 ## - MENCION DE EDICION
Mención de edición [1ª ed.].
300 ## - DESCRIPCIÓN FÍSICA
Extensión 468 p. ;
Dimensiones 21 cm.
700 1# - ENTRADA AGREGADA--NOMBRE PERSONAL
Nombre de persona Abad, Ángel
9 (RLIN) 17894
852 ## - LOCALIZACIÓN
Ubicación ES-MaACL
Número de control de estantería G-5080
Sublocalización o colección R.61989
Holdings
Estatus retirado Estado de pérdida Estado de daño No para préstamo Biblioteca de origen Biblioteca actual Ubicación en estantería Fecha de adquisición Fuente de adquisición Total de préstamos Signatura topográfica completa Código de barras Visto por última vez Precio de reemplazo Tipo de ítem Koha
        Biblioteca del Ateneo de Madrid Biblioteca del Ateneo de Madrid Depósito 2 17/01/2008     G-5080 1087371 23/02/2023 23/02/2023 Libro impreso